| 000 | 00488nam a22001697a 4500 | ||
|---|---|---|---|
| 999 |
_c8401 _d8401 |
||
| 008 | 201118b ||||| |||| 00| 0 eng d | ||
| 040 | _aBMS College of Architecture | ||
| 100 | _aGaikwad, N Toshali | ||
| 245 | _aCulinary institute - Comestible coronet | ||
| 300 | _aNA | ||
| 500 | _a1BM15AT111 | ||
| 502 |
_8B,Arch _NBMS College of Architecture _aProject report _d2019 |
||
| 650 | _aInstitute | ||
| 700 |
_aKerman Sen _eGuide |
||
| 700 |
_aDakshayini R Patil _eGuide |
||
| 942 |
_2ddc _cTHE |
||